000 00467nam a2200157Ia 4500
999 _c17855
_d17855
003 OSt
005 20210216111126.0
008 190216s9999||||xx |||||||||||||| ||und||
040 _coclc
082 _a920
_bROL/M
100 _aRolland, Romain
_96062
245 0 _aMahathma Gandhi Jeevan Aur Darshan /
_cRomain Rolland
260 _bKerala Sasthra Sahithya Parishad,
_aAllahabad:
300 _a289p
942 _cBK
_2ddc
_h920
_iROL/M
_k920
_mROL/M